| 000 | 00437nam a2200181 i 4500 | ||
|---|---|---|---|
| 020 | _a2704000700 : | ||
| 040 | _cDLC | ||
| 082 | 0 | 0 | _a576 DOI 1977 A033 Or. |
| 245 | 0 | 0 | _aMicrobiologie appliquée / |
| 250 | _a2e éd. | ||
| 260 |
_aParis : _bDoin, _c1977. |
||
| 300 |
_a227 p. : _bill. ; _c24 cm. |
||
| 490 | 0 | _aBiologie appliquée | |
| 500 | _aIncludes index. | ||
| 650 | 0 | _aMicrobiology. | |
| 700 | 1 | _aLeclerc, Henri, | |
| 942 | _cEK | ||
| 999 |
_c12326 _d12326 |
||